[Event "TUR-chT 2nd League"]
[Site "Konya"]
[Date "2018.07.17"]
[Round "3.10"]
[White "Eroltu, Ceylan"]
[Black "Arig, Busra"]
[Result "0-1"]
[WhiteElo "1306"]
[BlackElo "1846"]
[PlyCount "78"]
[EventDate "2018.07.16"]
[EventType "team-swiss"]
[EventRounds "9"]
[EventCountry "TUR"]
[SourceTitle "EXT 2019"]
[Source "ChessBase"]
[SourceDate "2018.10.10"]
[SourceVersion "1"]
[SourceVersionDate "2018.10.10"]
[SourceQuality "1"]
[WhiteTeam "Corum Belediye"]
[BlackTeam "Kocaeli Buyuksehir Belediyesi"]
[WhiteTeamCountry "TUR"]
[BlackTeamCountry "TUR"]

1. e4 c5 2. Nf3 e6 3. c3 Nf6 4. e5 Nd5 5. d4 b6 6. a3 Bb7 7. Bd3 Be7 8. 0-0 0-0 9. Bc2 f5 10. Qd3 cxd4 11. Nxd4 Qc7 12. Qg3 Kh8 13. Re1 a6 14. Bg5 b5 15. Bd2 Nc6 16. Nf3 Na5 17. Qh3 Nc4 18. Bc1 Qd8 19. g4 Qe8 20. gxf5 exf5 21. Bxf5 g6 22. Be4 Qf7 23. Qg3 Bc6 24. Nd4 Bc5 25. Rf1 Rfe8 26. e6 Qg7 27. Nxc6 dxc6 28. Bxd5 cxd5 29. Re1 Rf8 30. Re2 Rxf2 31. Rxf2 Rf8 32. Bf4 g5 33. Kh1 Bxf2 34. Qxg5 Rxf4 35. Qxg7+ Kxg7 36. Kg2 Bc5 37. b3 Ne3+ 38. Kg3 Bd6 39. Kh3 Rf3+ 0-1

[Event "TUR-chT 2nd League"]
[Site "Konya"]
[Date "2018.07.16"]
[Round "1.13"]
[White "Arig, Busra"]
[Black "Buran, Seher"]
[Result "1-0"]
[WhiteElo "1846"]
[BlackElo "1515"]
[PlyCount "111"]
[EventDate "2018.07.16"]
[EventType "team-swiss"]
[EventRounds "9"]
[EventCountry "TUR"]
[SourceTitle "EXT 2019"]
[Source "ChessBase"]
[SourceDate "2018.10.10"]
[SourceVersion "1"]
[SourceVersionDate "2018.10.10"]
[SourceQuality "1"]
[WhiteTeam "Kocaeli Buyuksehir Belediyesi"]
[BlackTeam "Genc Efe Izcilik"]
[WhiteTeamCountry "TUR"]
[BlackTeamCountry "TUR"]

1. d4 d5 2. Nf3 Nf6 3. e3 e6 4. Bd3 Be7 5. 0-0 0-0 6. b3 Nbd7 7. Bb2 b6 8. Nbd2 Bb7 9. Qe2 Re8 10. c4 Nf8 11. Ne5 Ng6 12. Ndf3 Nxe5 13. Nxe5 a6 14. Rac1 Bd6 15. c5 bxc5 16. dxc5 Bxe5 17. Bxe5 c6 18. Rfd1 h6 19. Bb1 Nd7 20. Bd6 e5 21. e4 d4 22. f4 f6 23. Qc4+ Kh8 24. Qf7 Bc8 25. Rd3 Nf8 26. f5 Qd7 27. Qh5 Nh7 28. h4 Ra7 29. Rg3 Qf7 30. Qe2 a5 31. Bd3 Qb7 32. Bc4 Qa8 33. Qh5 Ba6 34. Bf7 Rxf7 35. Qxf7 Rg8 36. a3 Qb7 37. Qxb7 Bxb7 38. Kf2 Nf8 39. Bc7 Nd7 40. Bxa5 Ra8 41. b4 Kh7 42. a4 Ba6 43. Ra3 g6 44. fxg6+ Kxg6 45. Rg3+ Kf7 46. h5 Nf8 47. Ra3 Ne6 48. b5 cxb5 49. axb5 Bxb5 50. c6 Ng5 51. c7 Nxe4+ 52. Ke1 Nd6 53. Rb1 e4 54. Bb4 Rxa3 55. Bxa3 Ke8 56. c8Q+ 1-0

[Event "TUR-chT 1st League"]
[Site "Konya"]
[Date "2017.07.21"]
[Round "7.12"]
[White "Tereladze, Sopiko"]
[Black "Arig, Busra"]
[Result "1-0"]
[WhiteElo "2143"]
[BlackElo "1851"]
[PlyCount "113"]
[EventDate "2017.07.17"]
[EventType "team-swiss"]
[EventRounds "9"]
[EventCountry "TUR"]
[SourceTitle "CBM 179 Extra"]
[Source "ChessBase"]
[SourceDate "2017.08.23"]
[SourceVersion "1"]
[SourceVersionDate "2017.08.23"]
[SourceQuality "1"]
[WhiteTeam "Kocaeli Buyuksehir"]
[BlackTeam "Manisa Salihli Sardes"]
[WhiteTeamCountry "TUR"]
[BlackTeamCountry "TUR"]

1. d4 Nf6 2. Nf3 e6 3. Bg5 Be7 4. Bxf6 Bxf6 5. e4 d6 6. Nc3 0-0 7. Bd3 Nc6 8. e5 dxe5 9. dxe5 Nxe5 10. Nxe5 Bxe5 11. Bxh7+ Kxh7 12. Qh5+ Kg8 13. Qxe5 Qd6 14. Qe3 Qb6 15. Qxb6 axb6 16. 0-0-0 Ra5 17. b4 Rg5 18. g3 Rg4 19. a3 Rc4 20. Kb2 e5 21. Rhe1 f6 22. Rd2 Kf7 23. f3 Be6 24. Red1 Kg6 25. Nd5 Kf7 26. Ne3 Rc6 27. h4 f5 28. Re1 Re8 29. g4 fxg4 30. fxg4 Kg6 31. Rf1 Rh8 32. h5+ Kg5 33. Nf5 Bxf5 34. Rxf5+ Kxg4 35. Rxe5 Kf4 36. Red5 Rhh6 37. R5d4+ Ke3 38. b5 Rcd6 39. c4 Rxh5 40. Rxd6 cxd6 41. Rxd6 g5 42. Kc3 g4 43. Rxb6 Rg5 44. Rxb7 g3 45. Rd7 g2 46. Rd1 Kf2 47. b6 Rg7 48. Rd2+ Ke3 49. Rxg2 Rxg2 50. b7 Rg8 51. c5 Ke4 52. c6 Rg3+ 53. Kc4 Rg1 54. c7 Rc1+ 55. Kb5 Rb1+ 56. Ka6 Ra1 57. c8Q 1-0

[Event "TUR-chT 1st League"]
[Site "Konya"]
[Date "2017.07.20"]
[Round "5.9"]
[White "Khurtsilava, Inga"]
[Black "Arig, Busra"]
[Result "1/2-1/2"]
[WhiteElo "2255"]
[BlackElo "1851"]
[PlyCount "100"]
[EventDate "2017.07.17"]
[EventType "team-swiss"]
[EventRounds "9"]
[EventCountry "TUR"]
[SourceTitle "CBM 179 Extra"]
[Source "ChessBase"]
[SourceDate "2017.08.23"]
[SourceVersion "1"]
[SourceVersionDate "2017.08.23"]
[SourceQuality "1"]
[WhiteTeam "Pamukkale Universiteli"]
[BlackTeam "Manisa Salihli Sardes"]
[WhiteTeamCountry "TUR"]
[BlackTeamCountry "TUR"]

1. d4 f5 2. Nc3 Nf6 3. Bg5 e6 4. e4 fxe4 5. Nxe4 Be7 6. Nxf6+ Bxf6 7. Be3 Nc6 8. Nf3 b6 9. c3 Bb7 10. Bd3 Qe7 11. Qc2 g6 12. a4 a5 13. h4 0-0-0 14. 0-0-0 Qg7 15. Kb1 Ne7 16. Be4 Nd5 17. Bd2 Rde8 18. Rhe1 Rhf8 19. c4 Ne7 20. c5 Bxd4 21. Bxb7+ Kxb7 22. Nxd4 Qxd4 23. Be3 Qg4 24. cxb6 Qf5 25. Rd3 Nd5 26. g4 Qe5 27. Bd2 Qd6 28. bxc7 Qxc7 29. Rb3+ Ka8 30. Qd3 Rb8 31. Rxb8+ Rxb8 32. h5 Qb6 33. Bc1 Ka7 34. Re5 Qb4 35. Be3+ Nxe3 36. Qxe3+ Ka6 37. Qe2+ Ka7 38. Re4 Qb6 39. hxg6 hxg6 40. Qe3 Rf8 41. Qxb6+ Kxb6 42. f4 Rc8 43. b3 Rc3 44. Kb2 Rg3 45. g5 Rd3 46. Kc2 Rf3 47. Kb2 Rd3 48. Kc2 Rf3 49. Kb2 Rd3 50. Kc2 Rf3 1/2-1/2

[Event "TUR-chT2"]
[Site "Konya"]
[Date "2016.07.22"]
[Round "9.1"]
[White "Khurtsilava, Inga"]
[Black "Arig, Busra"]
[Result "1/2-1/2"]
[WhiteElo "2243"]
[BlackElo "1811"]
[PlyCount "96"]
[EventDate "2016.07.17"]
[EventType "team-swiss"]
[EventRounds "9"]
[EventCountry "TUR"]
[SourceTitle "CBM 173 Extra"]
[Source "ChessBase"]
[SourceDate "2016.08.29"]
[SourceVersion "1"]
[SourceVersionDate "2016.08.29"]
[SourceQuality "1"]
[WhiteTeam "Denizli Pamukkale Uni"]
[BlackTeam "Canakkale Gokceada"]
[WhiteTeamCountry "TUR"]
[BlackTeamCountry "TUR"]

1. d4 f5 2. Bg5 Nf6 3. Nc3 e6 4. e4 fxe4 5. Nxe4 Be7 6. Bxf6 Bxf6 7. c3 0-0 8. Nf3 b6 9. Bd3 Nc6 10. Qc2 g6 11. h4 d5 12. Nxf6+ Qxf6 13. h5 e5 14. dxe5 Nxe5 15. Nxe5 Qxe5+ 16. Kf1 Bf5 17. hxg6 hxg6 18. Re1 Bxd3+ 19. Qxd3 Rxf2+ 20. Kxf2 Rf8+ 21. Qf3 Rxf3+ 22. gxf3 Qf4 23. Re2 c5 24. Rg1 Qh2+ 25. Rg2 Qh4+ 26. Kg1 Qf6 27. Rg3 Kf7 28. Rg4 Qf5 29. a3 Qb1+ 30. Kg2 Qd3 31. Rf4+ Kg7 32. Kf2 Qb5 33. Re7+ Kh6 34. Rh4+ Kg5 35. Rg4+ Kf6 36. Re2 Qd7 37. Rf4+ Kg7 38. Rg4 Qd6 39. Kg1 d4 40. cxd4 cxd4 41. Reg2 Qc5 42. Rxg6+ Kf7 43. Rg7+ Kf8 44. Rg8+ Kf7 45. R8g7+ Kf8 46. Rg8+ Kf7 47. R8g7+ Kf8 48. Rg8+ Kf7 1/2-1/2

[Event "TUR-chT2"]
[Site "Konya"]
[Date "2016.07.21"]
[Round "8.1"]
[White "Arig, Busra"]
[Black "Mammadova, Gulnar Marfat Qizi"]
[Result "1/2-1/2"]
[WhiteElo "1811"]
[BlackElo "2289"]
[PlyCount "153"]
[EventDate "2016.07.17"]
[EventType "team-swiss"]
[EventRounds "9"]
[EventCountry "TUR"]
[SourceTitle "CBM 173 Extra"]
[Source "ChessBase"]
[SourceDate "2016.08.29"]
[SourceVersion "1"]
[SourceVersionDate "2016.08.29"]
[SourceQuality "1"]
[WhiteTeam "Canakkale Gokceada"]
[BlackTeam "Bursa Buyuksehir"]
[WhiteTeamCountry "TUR"]
[BlackTeamCountry "TUR"]

1. d4 d5 2. Nf3 Nf6 3. c4 c6 4. e3 e6 5. Nc3 Nbd7 6. Bd3 dxc4 7. Bxc4 b5 8. Be2 b4 9. Na4 Bb7 10. 0-0 Rc8 11. Bd2 Bd6 12. Qc2 c5 13. Nxc5 Bxc5 14. dxc5 Rxc5 15. Qa4 a5 16. a3 Bc6 17. Qd1 bxa3 18. Rxa3 Ne4 19. Nd4 Bd5 20. Bf3 Nxd2 21. Qxd2 Ne5 22. Bxd5 Qxd5 23. Qe2 0-0 24. Rfa1 Rb8 25. b3 Rbc8 26. h3 Ng6 27. Rd1 h6 28. Qf3 Qe5 29. Qb7 Qd6 30. Raa1 Qe5 31. Rxa5 Qd6 32. Rxc5 Rxc5 33. b4 Rc4 34. Rb1 e5 35. Nf3 e4 36. Nd4 Nf4 37. Qa8+ Kh7 38. Qxe4+ Ng6 39. Qb7 Rc7 40. Qf3 Rc4 41. b5 Ne5 42. Qe4+ g6 43. Qb7 Kg7 44. Qa7 Nd7 45. Qa1 Kh7 46. Qa2 Qc5 47. Qb3 Nb6 48. Qa2 Qc7 49. Qe2 Qc5 50. Qf3 Qe7 51. Nc6 Qc7 52. g3 Kg7 53. Qe2 Qd6 54. Qb2+ Kh7 55. Ne5 Rc7 56. Ng4 Nd7 57. Qb3 Kg7 58. Rd1 Qe7 59. b6 Rb7 60. Qb2+ f6 61. Qb5 h5 62. Nh2 Nxb6 63. Rb1 Rb8 64. Qd3 Rd8 65. Qb3 Nd7 66. Nf3 Rb8 67. Qc2 Rxb1+ 68. Qxb1 Ne5 69. Nd4 Qd7 70. Kh2 Qd5 71. Qc2 Nf3+ 72. Nxf3 Qxf3 73. Qc7+ Kg8 74. Qb8+ Kg7 75. Qc7+ Kg8 76. Qb8+ Kg7 77. Qc7+ 1/2-1/2

[Event "TUR-chT2"]
[Site "Konya"]
[Date "2016.07.20"]
[Round "6.1"]
[White "Arig, Busra"]
[Black "Khukhashvili, Sopiko"]
[Result "0-1"]
[WhiteElo "1811"]
[BlackElo "2360"]
[PlyCount "62"]
[EventDate "2016.07.17"]
[EventType "team-swiss"]
[EventRounds "9"]
[EventCountry "TUR"]
[SourceTitle "CBM 173 Extra"]
[Source "ChessBase"]
[SourceDate "2016.08.29"]
[SourceVersion "1"]
[SourceVersionDate "2016.08.29"]
[SourceQuality "1"]
[WhiteTeam "Canakkale Gokceada"]
[BlackTeam "Istanbul Darussafaka"]
[WhiteTeamCountry "TUR"]
[BlackTeamCountry "TUR"]

1. d4 Nc6 2. Nf3 d5 3. Bf4 Bg4 4. e3 a6 5. Be2 e6 6. a3 h5 7. h3 Bxf3 8. Bxf3 g5 9. Bh2 Nf6 10. Nd2 Bd6 11. Bxd6 cxd6 12. c4 Qd7 13. cxd5 exd5 14. Qb3 Ne7 15. Rc1 0-0 16. g4 hxg4 17. hxg4 Kg7 18. Ke2 Qe6 19. Rc7 b5 20. Qc2 Ng6 21. Nf1 Rfc8 22. Ng3 Nh4 23. Rc1 Rxc7 24. Qxc7 Nxf3 25. Nf5+ Kf8 26. Nxd6 Nxd4+ 27. Kf1 Nf3 28. Nf5 Ne5 29. Qb7 Re8 30. Rc7 Nfxg4 31. Nd4 Qf6 0-1

[Event "TUR-ch (Women)"]
[Site "Cesme"]
[Date "2016.03.09"]
[Round "5"]
[White "Arig, Busra"]
[Black "Ozbek, Busra"]
[Result "1/2-1/2"]
[WhiteElo "1798"]
[BlackElo "1632"]
[PlyCount "102"]
[EventDate "2016.03.07"]
[EventType "swiss"]
[EventRounds "9"]
[EventCountry "TUR"]
[SourceTitle "CBM 171 Extra"]
[Source "ChessBase"]
[SourceDate "2016.04.26"]
[SourceVersion "1"]
[SourceVersionDate "2016.04.26"]
[SourceQuality "1"]

1. d4 g6 2. e4 Bg7 3. Nc3 d6 4. Be3 a6 5. Qd2 b5 6. a3 Bb7 7. Nf3 Nd7 8. Bd3 Ngf6 9. Bh6 0-0 10. Bxg7 Kxg7 11. 0-0 c5 12. d5 Qc7 13. Rfe1 Rad8 14. Nh4 Qb6 15. Qg5 Rde8 16. Re3 Ng8 17. Rh3 e6 18. Rf1 Qd8 19. Qd2 exd5 20. Nxd5 Bxd5 21. exd5 f5 22. Nf3 h6 23. b3 Qf6 24. c4 Rb8 25. Re1 Ne5 26. Nxe5 dxe5 27. cxb5 e4 28. Bf1 axb5 29. Qa5 Ne7 30. Bxb5 Nxd5 31. Bc4 Qc6 32. Qd2 Rbd8 33. Qxh6+ Kf6 34. Qh4+ Kg7 35. Qh7+ Kf6 36. Rg3 Rg8 37. Qh4+ Kg7 38. Qg5 Rgf8 39. h4 Qf6 40. Qc1 Qxh4 41. Rh3 Qf4 42. Qb2+ Nf6 43. Ree3 Rd1+ 44. Bf1 Rfd8 45. Rh7+ Kxh7 46. Qxf6 R1d3 47. Bxd3 Rxd3 48. Qf7+ Kh6 49. Qf8+ Kh7 50. Qf7+ Kh6 51. Qf8+ Kh7 1/2-1/2

[Event "TUR-ch (Women)"]
[Site "Cesme"]
[Date "2016.03.08"]
[Round "2"]
[White "Buyukasik, Betul"]
[Black "Arig, Busra"]
[Result "0-1"]
[WhiteElo "1566"]
[BlackElo "1798"]
[PlyCount "54"]
[EventDate "2016.03.07"]
[EventType "swiss"]
[EventRounds "9"]
[EventCountry "TUR"]
[SourceTitle "CBM 171 Extra"]
[Source "ChessBase"]
[SourceDate "2016.04.26"]
[SourceVersion "1"]
[SourceVersionDate "2016.04.26"]
[SourceQuality "1"]

1. d4 d5 2. c4 e6 3. Nc3 Nf6 4. Bg5 Be7 5. e3 0-0 6. Nf3 Nbd7 7. Qc2 h6 8. Bh4 b6 9. cxd5 exd5 10. Bd3 Bb7 11. 0-0 c5 12. dxc5 bxc5 13. Rfe1 Rc8 14. Qe2 Ne4 15. Bxe7 Qxe7 16. Ba6 Ndf6 17. Bxb7 Qxb7 18. Qc2 Rfd8 19. Rad1 Nxc3 20. Qxc3 d4 21. exd4 cxd4 22. Qa3 d3 23. Re7 Rc7 24. Re3 d2 25. Qa5 Rd5 26. Qa4 Rc1 27. Re2 Qxb2 0-1

[Event "TUR-chT"]
[Site "Kocaeli"]
[Date "2015.08.14"]
[Round "12.2"]
[White "Burcu, Cagatay"]
[Black "Arig, Busra"]
[Result "1-0"]
[WhiteElo "2178"]
[BlackElo "1783"]
[PlyCount "71"]
[EventDate "2015.08.04"]
[EventType "team-tourn"]
[EventRounds "13"]
[EventCountry "TUR"]
[SourceTitle "CBM 167 Extra"]
[Source "ChessBase"]
[SourceDate "2015.09.14"]
[SourceVersion "1"]
[SourceVersionDate "2015.09.14"]
[SourceQuality "1"]
[WhiteTeam "Calli Spor"]
[BlackTeam "Ankara Demirspor"]
[WhiteTeamCountry "TUR"]
[BlackTeamCountry "TUR"]

1. d4 f5 2. Nf3 Nf6 3. c4 g6 4. g3 Bg7 5. Bg2 0-0 6. 0-0 d6 7. Nc3 c6 8. Rb1 Ne4 9. Qc2 Nxc3 10. bxc3 Na6 11. Rd1 Qe8 12. d5 Nc5 13. Nd4 e5 14. dxc6 exd4 15. cxd4 bxc6 16. dxc5 dxc5 17. Bf4 Be5 18. Bxe5 Qxe5 19. Bxc6 Rb8 20. Rxb8 Qxb8 21. Bd5+ Kg7 22. Qc3+ Rf6 23. e3 Qb6 24. Qa1 Kh6 25. Rb1 Qd6 26. Re1 Bd7 27. Qc1 Kg7 28. Qc3 Kh6 29. e4 fxe4 30. Rxe4 Bf5 31. Qe3+ g5 32. h4 Rg6 33. hxg5+ Rxg5 34. Rh4+ Kg6 35. Qe8+ Kg7 36. Qg8+ 1-0

[Event "TUR-chT"]
[Site "Kocaeli"]
[Date "2015.08.05"]
[Round "2.4"]
[White "Arig, Busra"]
[Black "Melia, Salome"]
[Result "0-1"]
[WhiteElo "1783"]
[BlackElo "2456"]
[PlyCount "92"]
[EventDate "2015.08.04"]
[EventType "team-tourn"]
[EventRounds "13"]
[EventCountry "TUR"]
[SourceTitle "CBM 167 Extra"]
[Source "ChessBase"]
[SourceDate "2015.09.14"]
[SourceVersion "1"]
[SourceVersionDate "2015.09.14"]
[SourceQuality "1"]
[WhiteTeam "Ankara Demirspor"]
[BlackTeam "Turk Hava Yollari"]
[WhiteTeamCountry "TUR"]
[BlackTeamCountry "TUR"]

1. d4 c5 2. Nf3 cxd4 3. Nxd4 g6 4. e4 Bg7 5. c3 Nc6 6. Be3 Nf6 7. Nd2 0-0 8. Bd3 Ne5 9. Bc2 d5 10. h3 dxe4 11. Nxe4 Nxe4 12. Bxe4 Nc4 13. Qc1 e5 14. Nb3 f5 15. Bg5 Qd6 16. Bf3 e4 17. Be2 Be6 18. Bf4 Qb6 19. 0-0 a5 20. Rd1 a4 21. Bxc4 Bxc4 22. Nd4 Rfd8 23. Be3 Qa5 24. Bh6 Bh8 25. Qg5 Qe5 26. Qe3 Rd7 27. Bf4 Qe7 28. Bg5 Qf7 29. a3 Re8 30. Rd2 Be5 31. Bf4 Bf6 32. Rad1 Rd5 33. Nc2 Rd3 34. Qe1 g5 35. Be3 f4 36. Bd4 Bxd4 37. Nxd4 Rxd2 38. Qxd2 e3 39. Qc1 h5 40. Re1 e2 41. Qd2 g4 42. hxg4 hxg4 43. g3 Qh5 44. Qxf4 Bd5 45. f3 gxf3 46. g4 Qh4 0-1

[Event "Wch U20 Girls 31st"]
[Site "Kocaeli"]
[Date "2013.09.15"]
[Round "3"]
[White "Petrova, Irina"]
[Black "Arig, Busra"]
[Result "1-0"]
[WhiteElo "2117"]
[BlackElo "1788"]
[PlyCount "63"]
[EventDate "2013.09.13"]
[EventType "swiss"]
[EventRounds "13"]
[EventCountry "TUR"]
[SourceTitle "CBM 156 Extra"]
[Source "ChessBase"]
[SourceDate "2013.10.22"]
[SourceVersion "1"]
[SourceVersionDate "2013.10.22"]
[SourceQuality "1"]

1. d4 Nf6 2. c4 e6 3. Nc3 Bb4 4. e3 b6 5. Bd3 Bb7 6. Nf3 0-0 7. 0-0 Bxc3 8. bxc3 Ne4 9. Ba3 d6 10. Qc2 f5 11. d5 exd5 12. cxd5 Bxd5 13. c4 Bb7 14. Nd4 Qe7 15. f3 Ng5 16. Nxf5 Rxf5 17. Bxf5 Qxe3+ 18. Kh1 Qxa3 19. f4 Nf7 20. Bxh7+ Kf8 21. Be4 Nc6 22. f5 Re8 23. f6 g6 24. Bxc6 Bxc6 25. Qxg6 Re2 26. Qg7+ Ke8 27. Qg8+ Kd7 28. Qxf7+ Kc8 29. Qg8+ Kb7 30. Rg1 Qb2 31. Raf1 Re8 32. f7 1-0

[Event "ALG-TUR (Women)"]
[Site "Algiers"]
[Date "2012.12.29"]
[Round "6.2"]
[White "Latreche, Khadidja"]
[Black "Arig, Busra"]
[Result "1-0"]
[WhiteElo "1895"]
[BlackElo "1861"]
[PlyCount "93"]
[EventDate "2012.12.23"]
[EventType "team-schev"]
[EventRounds "8"]
[EventCountry "ALG"]
[SourceTitle "CBM 152 Extra"]
[Source "ChessBase"]
[SourceDate "2013.02.25"]
[SourceVersion "1"]
[SourceVersionDate "2013.02.25"]
[SourceQuality "1"]
[WhiteTeam "Algeria"]
[BlackTeam "Turkey"]
[WhiteTeamCountry "ALG"]
[BlackTeamCountry "TUR"]

1. e4 c5 2. Nf3 e6 3. d4 cxd4 4. Nxd4 Nf6 5. Bd3 a6 6. c4 d5 7. cxd5 exd5 8. e5 Nfd7 9. e6 Nf6 10. Qa4+ b5 11. Bxb5+ axb5 12. Qxa8 Qb6 13. Bf4 Qxd4 14. Qxb8 Bb4+ 15. Nd2 0-0 16. Be3 Bxd2+ 17. Bxd2 Qe4+ 18. Kf1 Qd3+ 19. Ke1 Bxe6 20. Qg3 Qe4+ 21. Kd1 Bg4+ 22. f3 Qa4+ 23. b3 Qd4 24. Rc1 Ne4 25. Qf4 Nf2+ 26. Ke1 Re8+ 27. Kf1 Qb6 28. Qc7 Qd4 29. Qc3 Qxc3 30. Rxc3 d4 31. Rc1 Nd3 32. fxg4 Nxc1 33. Bxc1 h6 34. Kf2 d3 35. Be3 Ra8 36. Rd1 Rxa2+ 37. Kf3 Ra6 38. Rxd3 Rf6+ 39. Ke2 Rg6 40. h3 h5 41. g5 f6 42. Rd5 fxg5 43. Rxg5 Rxg5 44. Bxg5 Kf7 45. Ke3 Ke6 46. Kd4 Kf5 47. h4 1-0

[Event "Olympiad Women-40"]
[Site "Istanbul"]
[Date "2012.09.09"]
[Round "11.2"]
[White "Le, Kieu Thien Kim"]
[Black "Arig, Busra"]
[Result "1-0"]
[WhiteElo "2226"]
[BlackElo "1864"]
[PlyCount "113"]
[EventDate "2012.08.28"]
[EventType "team-swiss"]
[EventRounds "11"]
[EventCountry "TUR"]
[SourceTitle "CBM 150 Extra"]
[Source "ChessBase"]
[SourceDate "2012.10.19"]
[SourceVersion "1"]
[SourceVersionDate "2012.10.19"]
[SourceQuality "1"]
[WhiteTeam "Vietnam (W)"]
[BlackTeam "Turkey 2016 (W)"]
[WhiteTeamCountry "VIE"]
[BlackTeamCountry "TUR"]

1. d4 d5 2. Nf3 Nf6 3. c4 e6 4. Nc3 Be7 5. cxd5 exd5 6. Bg5 0-0 7. Qc2 Nbd7 8. e3 b6 9. Bd3 Bb7 10. 0-0 h6 11. Bf4 a6 12. h3 Rc8 13. Qe2 b5 14. Rfd1 Ne4 15. Rac1 Ndf6 16. Ne5 Re8 17. a4 Nxc3 18. Rxc3 bxa4 19. Nc6 Bxc6 20. Rxc6 a3 21. Bxa6 Ra8 22. bxa3 Bxa3 23. Bxc7 Qe7 24. Bf4 Ra7 25. Rb1 Ne4 26. Qg4 Qd7 27. Qxd7 Rxd7 28. f3 Nf6 29. Rb3 Bf8 30. Bb7 Nh5 31. Be5 Rde7 32. Kf2 Re6 33. Rcc3 Nf6 34. Rb5 Rd8 35. Bc7 Rde8 36. Bxd5 Nxd5 37. Rxd5 Bb4 38. Rb3 Rc6 39. Rxb4 Rxc7 40. Rc5 Ra7 41. Rc2 Ra1 42. e4 Rea8 43. Rbb2 Rd1 44. Rd2 Rc1 45. Rbc2 Rb1 46. d5 Kf8 47. d6 Ke8 48. Rc7 Rd8 49. e5 Rb4 50. Ra2 g5 51. Raa7 Rb2+ 52. Kg3 Re2 53. Re7+ Kf8 54. Rxf7+ Kg8 55. Rg7+ Kf8 56. Raf7+ Ke8 57. d7+ 1-0

[Event "Olympiad Women-40"]
[Site "Istanbul"]
[Date "2012.09.04"]
[Round "7.2"]
[White "Omurbekova, Diana"]
[Black "Arig, Busra"]
[Result "1/2-1/2"]
[WhiteElo "1697"]
[BlackElo "1864"]
[PlyCount "112"]
[EventDate "2012.08.28"]
[EventType "team-swiss"]
[EventRounds "11"]
[EventCountry "TUR"]
[SourceTitle "CBM 150 Extra"]
[Source "ChessBase"]
[SourceDate "2012.10.19"]
[SourceVersion "1"]
[SourceVersionDate "2012.10.19"]
[SourceQuality "1"]
[WhiteTeam "Kyrgyzstan (W)"]
[BlackTeam "Turkey 2016 (W)"]
[WhiteTeamCountry "KGZ"]
[BlackTeamCountry "TUR"]

1. e4 c5 2. Nf3 e6 3. d3 d6 4. Nbd2 Nc6 5. g3 Nf6 6. Bg2 Be7 7. 0-0 0-0 8. Re1 Qc7 9. Qe2 Nd7 10. Nf1 Rb8 11. h4 b5 12. N1h2 Bb7 13. h5 h6 14. g4 d5 15. e5 Ndxe5 16. Nxe5 Nxe5 17. Bf4 f6 18. Bxe5 fxe5 19. Qxe5 Qxe5 20. Rxe5 Bd6 21. Rxe6 Bxh2+ 22. Kxh2 Rxf2 23. Rf1 Rxc2 24. Re7 d4 25. Rff7 Rxg2+ 26. Kh3 Bd5 27. Rxg7+ Kf8 28. Rd7 Rd2 29. Rh7 Rxd3+ 30. Kh4 Bg8 31. Rxh6 Rf3 32. Rhd6 Re8 33. Rxa7 Re7 34. Ra8+ Re8 35. Ra7 Rf7 36. Raa6 Rfe7 37. Rac6 Re5 38. Rc7 R8e7 39. Rc8+ Re8 40. Rc7 Be6 41. h6 Kg8 42. Rg7+ Kh8 43. g5 Rg8 44. Rxg8+ Bxg8 45. Rd8 Rd5 46. Re8 d3 47. g6 d2 48. h7 Rh5+ 49. Kxh5 d1Q+ 50. Kh4 Qd4+ 51. Kg5 Qd5+ 52. Kh6 Qh1+ 53. Kg5 Qg2+ 54. Kh6 Qh3+ 55. Kg5 Qg3+ 56. Kh5 Qf3+ 1/2-1/2